| 000 | 00939aam a2200361 4500 | ||
|---|---|---|---|
| 005 | 20240426161729.0 | ||
| 008 | 150416b2000 xxu||||| |||| 00| 0 spa d | ||
| 020 | _a9789968955348 | ||
| 041 | _aESP | ||
| 082 | _a540.7 N322q | ||
| 100 |
_aNavas, María del Socorro _934040 |
||
| 100 |
_aValverde, Marianella _934041 |
||
| 245 | _aQuímica 10°: un enfoque practico | ||
| 250 | _a4 edición | ||
| 260 | _aCosta Rica | ||
| 260 | _bDidáctica Multimedia | ||
| 260 | _c2000 | ||
| 300 | _a386 páginas | ||
| 650 | _aQUÍMICA | ||
| 650 | _aEDUCACIÓN SECUNDARIA | ||
| 650 | _aENSENAÑZA | ||
| 650 | _aMATERIA | ||
| 650 | _aELEMENTOS QUÍMICOS | ||
| 650 | _aÁTOMO | ||
| 650 | _aMODELOS ATÓMICOS | ||
| 650 | _aNÚMEROS CUÁNTICOS | ||
| 650 | _aTABLA PERIÓDICA | ||
| 650 | _aENLACE COVALENTE | ||
| 650 | _aNOMENCLATURA | ||
| 650 | _aREACCIONES QUÍMICAS | ||
| 650 | _aCÁLCULOS EN ECUACIONES | ||
| 942 |
_cBK _2ddc |
||
| 999 |
_c4736 _d4736 |
||